00425nam a22001337a 4500008004100000020001800041050002200059100003200081245003900113250001200152260004500164300006900209650001300278171124b xxu||||| |||| 00| 0 eng d a9780521294140 aP 306.2 .L48 2013 aLevinson, Stephen C.d2013. aPragmatics /cStephen, Levinson C. a1st ed. aUSA:bCambridge University press,c2013. axvi, 426p.bincludes bibliographical references and index.c24cm aLanguage